000 00702nab a2200265 a 4500
001 56225
003 127222
005 20201118103205.0
008 ||||||n9999 ||| || ||
041 _aspa
100 _aHommes Rodríguez, Rudolf
245 0 _aMemoria al Congreso Nacional 1992-1993
260 _aBogotá :
_bMINHA,
_c1994.
300 _a135p.
562 _e4
650 _aCREDITO PUBLICO
650 _aINFORME DE ACTIVIDADES
650 _aMACROECONOMÍA
650 _aPOLÍTICA ADUANERA
650 _aPOLÍTICA CAFETERA
650 _aPOLÍTICA FISCAL
650 _aPRESUPUESTO
773 _037545
_aMemorias del Ministro de Hacienda y Credito Publico
942 _cDO-GO
999 _c56225
_d56225